000 00370 a2200109 4500
020 _a0471691631 (cloth : alk. paper)
082 _a624.151363 DUN
100 _aDuncan, J. M.
245 _aSoil strength and slope stability /
_cJ. Michael Duncan, Stephen G. Wright.
260 _aHoboken, N.J. :
_bJohn Wiley & Sons,
_c2005.
300 _aix, 297 p. :
_bill. ;
_c28 cm.
650 _aSlopes (Soil mechanics)
999 _c2330
_d2330